Rice Basketball: Top 10 All-Time Leaders - Statistics

General Stats
  • This quiz has been taken 0 times
  • The average score is 0 of 91
Answer Stats
Category # Player Amount % Correct
Rebounds 9 Adam Peakes 694
0%
Assists T7 Adam Peakes 353
0%
Steals 7 Adam Peakes 144
0%
Three Pointers Made 7 Adam Peakes 176
0%
Three Pointers Made 3 Ako Adams 228
0%
Games T2 Ako Adams 129
0%
Blocks 5 Alex Bougaieff 82
0%
Blocks 10 Andrew Drone 66
0%
Games T7 Andrew Drone 124
0%
Rebounds 4 Arsalan Kazemi 963
0%
Steals 5 Arsalan Kazemi 154
0%
Blocks 4 Arsalan Kazemi 84
0%
Points 2 Brent Scott 1,906
0%
Rebounds 3 Brent Scott 1,049
0%
Field Goal Percent 4 Brent Scott 55.2%
0%
Three Pointers Made 8 Brock Gillespie 171
0%
Three Pointers Made 10 Connor Frizzelle 163
0%
Games T2 Connor Frizzelle 129
0%
Three Pointers Made 9 Cory Pflieger 170
0%
Games 9 Cory Pflieger 123
0%
Assists 3 Dana Hardy 502
0%
Three Pointers Made 4 Dana Hardy 200
0%
Assists 5 D'Wayne Turner 426
0%
Steals 1 D'Wayne Turner 291
0%
Points Per Game 5 Egor Koulechov 17.5
0%
Points 6 Elbert Darden 1,727
0%
Points Per Game 9 Elbert Darden 16.6
0%
Points Per Game 6 Gary Reist 17.2
0%
Rebounds 6 Gene Schwinger 810
0%
Points Per Game 4 Gene Schwinger 18.2
0%
Points 8 Greg Hines 1,545
0%
Points 10 Jason McKrieth 1,500
0%
Steals T3 Jason McKrieth 162
0%
Field Goal Percent 10 Jason McKrieth 48.1%
0%
Assists T7 J.J. Polk 353
0%
Rebounds 5 Kendall Rhine 922
0%
Field Goal Percent 9 Kendall Rhine 48.5%
0%
Points Per Game 2 Kendall Rhine 20.5
0%
Rebounds 8 Kenneth Rourke 737
0%
Assists 4 Lorenzo Williams 442
0%
Points Per Game 3 Marcus Evans 20.1
0%
Three Pointers Made 6 Marcus Jackson 182
0%
Blocks 8 Marquez Letcher-Ellis 72
0%
Rebounds 1 Max Fiedler 1,144
0%
Assists 1 Max Fiedler 571
0%
Blocks 2 Max Fiedler 125
0%
Field Goal Percent 1 Max Fiedler 65.8%
0%
Games 1 Max Fiedler 148
0%
Assists 2 Max Guercy 503
0%
Steals 6 Max Guercy 146
0%
Games 6 Max Guercy 125
0%
Points 1 Mike Harris 2,014
0%
Rebounds 2 Mike Harris 1,111
0%
Steals 9 Mike Harris 137
0%
Blocks 3 Mike Harris 119
0%
Field Goal Percent 2 Mike Harris 60.2%
0%
Points Per Game 8 Mike Harris 16.6
0%
Games T10 Mike Harris 121
0%
Assists 9 Mike Wilks 348
0%
Steals 2 Mike Wilks 186
0%
Points 5 Morris Almond 1,825
0%
Field Goal Percent 8 Morris Almond 49.2%
0%
Games T10 Morris Almond 121
0%
Blocks 7 Patrick Britton 75
0%
Three Pointers Made 2 Quincy Olivari 252
0%
Assists 10 Rashid Smith 341
0%
Steals 10 Rashid Smith 133
0%
Points 4 Ricky Pierce 1,847
0%
Field Goal Percent 7 Ricky Pierce 50.4%
0%
Points Per Game 1 Ricky Pierce 22.5
0%
Three Pointers Made 5 Robert Johnson 186
0%
Blocks 6 Shaun Igo 79
0%
Field Goal Percent 6 Shaun Igo 50.9%
0%
Games T7 Suleiman Braimoh 124
0%
Points 7 Tamir Jackson 1,684
0%
Assists 6 Tamir Jackson 387
0%
Steals T3 Tamir Jackson 162
0%
Games 4 Tamir Jackson 128
0%
Rebounds 7 Temple Tucker 768
0%
Points Per Game 7 Temple Tucker 16.9
0%
Field Goal Percent 5 Tom Myer 51.1%
0%
Points Per Game 10 Tom Myer 16.4
0%
Rebounds 10 Tom Robitaille 669
0%
Field Goal Percent 3 Tony Andrews 55.3%
0%
Blocks 9 Tony Barnett 70
0%
Points 9 Torrey Andrews 1,535
0%
Points 3 Travis Evee 1,885
0%
Steals 8 Travis Evee 139
0%
Three Pointers Made 1 Travis Evee 313
0%
Games 5 Travis Evee 126
0%
Blocks 1 Yamar Diene 131
0%
No matching quizzes found
Score Distribution
Percent of People with Each Score
Percentile by Number Answered
Your Score History
You have not taken this quiz